Statistics for Easy Maths

Click here to take the quiz!

General Stats

  • This quiz has been taken 172 times
  • The average score is 14 of 15

Answer Stats

QuestionsAnswers% Correct
1+1=2
100%
2+2=4
98%
3+3=6
98%
4+4=8
98%
5+5=10
97%
6+6=12
97%
7+7=14
96%
8+8=16
96%
9+9=18
96%
10+10=20
96%
11+11=22
96%
12+12=24
96%
13+13=26
96%
14+14=28
95%
15+15=30
93%

Score Distribution

Percentile by Number Answered

Percent of People with Each Score

Your Score History

You have not taken this quiz